000 00363nam a2200133Ia 4500
008 230917s9999||||xx |||||||||||||| ||und||
040 _e89451
_aMAIN
041 _aEnglish
082 _a301.4494 S28A
100 _aSihmar, Bharatari Singh
245 0 _aDr Ambedkar's response to Mahatama Gandhi's views on depressed classes
300 _avi, 123 p.
942 _cTH
999 _c74868
_d74868